Quizzes
Events
Quiz Creation
Community
Videos
Private Events
Remove Ads
Sign In
Join for FREE
Feedback
Dark Mode
Quiz Categories
Sports
Geography
Music
Movies
Television
Just For Fun
Miscellaneous
History
Literature
Language
Science
Gaming
Entertainment
Religion
Holiday
For Kids
Quiz Lab
Recent
Popular Today
Quiz Kudos Today
Editor Picks
Curator Picks
Quizzes by...
Day
Popularity
Type
Ratings
Length
Year
Community
Subscriptions
Recent Discussions
Orange Saloon
Badges
Playlists
Quests
Create
Leaderboards
Showdown
Live 5
Trivia Bingo
Activity
Puzzle Library
Sporcle Events
Private Events
Virtual Trivia
Globe League
Become a Host
Pub Owners
SporcleCon
Opinionation
Our Games
Videos
Blog
Mobile Apps
Partnerships
Remove Ads and Go Orange
Feedback
Just For Fun
Clickable
Get the Picture
Humor
Quick Pick
Word Ladder
Missing Word
Mixed Word
Blitz
Minefield
This or That
Alphabet
Color
Typing
Sporcle
Puzzle
Word Play
Follow That Line
Logic
Just For Fun
Clickable
Get the Picture
Humor
Quick Pick
Word Ladder
Missing Word
Mixed Word
Blitz
Minefield
This or That
Alphabet
Color
Typing
Sporcle
Puzzle
Word Play
Follow That Line
Logic
Random Quiz
Search Sporcle
×
Quiz Lab
Quiz Lab
Just For Fun
Type in answers that appear in a list
Type in answers that appear in a list
Classic
Best Score? Go Orange.
Top Ten Ice Cream Flavors Stats
Can you name the Top Ten Ice Cream Flavors?
By
krackdown51
15m
10 Questions
330 Plays
330 Plays
330 Plays
Comments
Comments
Give Quiz Kudos
Give Quiz Kudos
-
- Ratings
hide this ad
Replay
Link that replays current quiz
Next Quiz
Link to next quiz in quiz playlist
You Got
0%
They Got
Avg Score
59%
Avg Friend Score
Upgrade to see
Score Distribution
Jump to the score distribution portion of the page
Score
0/10
Timer
15:00
0
Plays Today
% Correct
Chocolate
99.4%
Vanilla
99.1%
Strawberry
94.8%
Mint
77.6%
Cookie Dough
59.1%
Cookies and Cream
51.5%
Rocky Road
51.2%
Pistachio
24.8%
Lemon
21.8%
Chocolate Chip Cookie Dough
19.7%
Quiz Playlist
Details
Report
Send in Message
Add To Playlist
Classic:
Type in answers that appear in a list
Last Updated: Feb 16, 2017
Quiz Scoreboard
CHALLENGE
Sign Up to Join the Scoreboard
Show All
Scores
Hide
Comments
May contain spoilers
Recently Published
An Introduction to Baseball
by treessimontrees
Sports
5m
Movies - When Are They Set?
by FPL_Elf
Movies
5m
Popular People in 1961
by mucciniale
History
6m
More to Explore
Quiz From the Vault
Featured Blog Post
Where Did the Easter Bunny Come From?
hide this ad
You Might Also Like...
Tags
This quiz does not have any tags.
Today's Top Quizzes in Just For Fun
Browse Just For Fun
hide this ad
Top Contributed Quizzes in Just For Fun
1
Crossword Whiteout! 49
2
Harry Potter Logic - 'In Chains' II
3
Survivor Winners Logic Puzzle
4
Zeroing In: Just For Fun
5
Thermometer Puzzle 25
6
Word Ladder: Ahoy Matey
7
1-30 Clickable Mines
8
Aquarium Logic Puzzle 17
9
Big Thermometer Puzzle 21
10
Edinburgh Fringe jokes 2015
Explore More
Trending Topics
Disney
Harry Potter
Anime
Marvel
Crossword
NBA
Kpop
Puzzle
The Office
Soccer
Song
NFL
WWE
Pokémon
Country
hide this ad
More By:
krackdown51
Quiz
Plays
Rating
Category
Featured
Created
Scott Pilgrim Characters
731
1.60
Entertainment
Aug 28, 2010
Top Ten Ice Cream Flavors
330
2.38
Just For Fun
Aug 30, 2010
Top Ten Deadliest Animals Of The World
257
2.71
Science
Aug 31, 2010
Go to Creator's Profile
Score Distribution
Quiz Creator Spotlight
krackdown51
Follow
Send a Message
Quizzes Created
-
Created Quiz Play Count
-
More By This Creator
Popular Quizzes Today
1
Find the Countries of Europe - No Outlines Minefield
2
Find the US States - No Outlines Minefield
3
The Countries of the World
4
Popular People in 1961
5
US States
6
1-10 Letter E Words III
7
Find the US States
8
Risky Map Clicking: Biggest States A-Z
More Just For Fun Quizzes
Quick Pick: 'Dark' Movies
Published
Trending Quizzes
Risky Map Clicking: Least Populous States A-Z
1-10 Letter F Words
1-10 Letter G Words
One Thing in Common: United Kingdom
Risky Map Clicking: Next State Alphabetically
Recently Updated
Leaping Animals
pecheneg
Reality TV Shows (A-Z)
bhenderson79
Rickey Henderson's Hall of Fame Teammates
pecheneg
Champions League XIs: Arsenal
pecheneg
Quick Pick: Celebrities in WWE's Hall of Fame
aduchscher
A-Z Keypad Blitz II
pecheneg
Multiple Oscar Actors
pecheneg
Mystery Phrase Blitz: Oscar 'Best Actors'
pecheneg
F. Scott Fitzgerald Novels
LTH
Pick 3 Villains
ddd62291
Trending Topics
Anime
Marvel
Harry Potter
Disney
NBA
Kpop
Crossword
Puzzle
Pokémon
The Office
Soccer
WWE
NFL
Song
Country
Your Account Isn't Verified!
In order to create a playlist on Sporcle, you need to verify the email address you used during registration. Go to your
Sporcle Settings
to finish the process.
Report this User
Report this user for behavior that violates our
Community Guidelines
.
Details:
Send Report
Go to the Sporcle.com Mobile Site →
Comments